Stem Cell Research And Therapeutics : (Record no. 598546)

MARC details
000 -LEADER
fixed length control field 00479nam a2200193 a 4500
008 - FIXED-LENGTH DATA ELEMENTS--GENERAL INFORMATION
fixed length control field 251124s2009##################000#0#eng##
020 ## - INTERNATIONAL STANDARD BOOK NUMBER
ISBN 9788184894240
082 04 - DEWEY DECIMAL CLASSIFICATION NUMBER
Classification number 616.0277
Item number SHI
100 1# - MAIN ENTRY--AUTHOR NAME
Personal name Shi,
245 10 - TITLE STATEMENT
Title Stem Cell Research And Therapeutics :
260 ## - PUBLICATION, DISTRIBUTION, ETC. (IMPRINT)
Year of publication 2009.
300 ## - PHYSICAL DESCRIPTION
Number of Pages 344 pages
650 #0 - SUBJECT ADDED ENTRY--TOPICAL TERM
Topical Term Stem cells.
942 ## - ADDED ENTRY ELEMENTS (KOHA)
Koha item type English Books
Holdings
Withdrawn status Lost status Damaged status Not for loan Home library Current library Shelving location Date acquired Full call number Accession Number Price effective from Koha item type
        Anna Centenary Library Anna Centenary Library 5TH FLOOR, B WING 24.11.2025 616.0277 SHI 324941 24.11.2025 English Books

Find us on the map